Responses for Show #2697 - Tuesday, April 30, 1996

Missing third-place prize.

Contestants

[<< previous game]

Janet Grunwald, a substitute teacher from Port Washington, New York

Girts Lorencis, a computer analyst from Kalamazoo, Michigan

Dave Cook, a writer from New York City, New York (whose 1-day cash winnings total $5,199)

[next game >>]

Jeopardy! Round responses

PORTS & HARBORS
THE OCCULT
RECKLESS PHRASES
FRUITS & VEGETABLES
SCIENCE HISTORY
"BLUE" MOVIES
    $100 26
Pearl Harbor

Dave
    $100 11
Ouija board

Janet
    $100 16
lion

Dave
    $100 6
tomatoes

Janet
    $100 21
Halley's Comet

Girts
    $100 1
Lady Sings the Blues

Janet
    $200 27
Sydney

Girts
    $200 12
fairies

Janet
    $200 17
your neck

Dave
    $200 7
lettuce

Girts
    $200 22
(Girts: What is radar?)

sonar

GirtsJanet
    $200 2
The Blues Brothers

Janet
    $300 28
Ireland

Girts
    $300 13
familiars

Janet
    $300 18
a thread

Janet
    $300 8
figs

Janet
    $300 23
telephone

Dave
    $300 3
Blue Velvet

Dave
    $400 29
the Tiber

Girts
    $400 14
(Janet: What are divining rods?)

eggs

Janet
Triple Stumper
    $400 19
poke

Janet
    $400 9
melons

Dave
    $900 24
endorphins

Dave
    $400 4
Blue Thunder

Dave
    $500 30
Havana

Triple Stumper
    $500 15
[Alex begins to talk about the Olympics before the commercial break.]

Judaism

Janet
    $500 20
thin ice

Girts
    $500 10
nectarines

Janet
    $500 25
Andrei Sakharov

Dave
    $500 5
The Blue Max

Janet

Scores at the first commercial break (after clue 15):

Dave Girts Janet
$1,100 $200 $2,400

Scores at the end of the Jeopardy! Round:

Dave Girts Janet
$3,200 $1,500 $3,300

Double Jeopardy! Round responses

FAMOUS EDITORS
U.S. GEOGRAPHY
SAINTS
1980s ROCK MUSIC
HISTORIC AMERICANS
DRAMA
    $200 10
Edgar Allan Poe

Dave
    $200 1
Cape Cod

Dave
    $200 5
Joseph

Janet
    $200 4
the Grateful Dead

Girts
    $200 15
Harriet Beecher Stowe

Girts
    $200 20
The Mousetrap

Janet
    $400 11
Charles Dickens

Janet
    $400 2
(Janet: What is Michigan?)

Illinois

GirtsJanet
    $400 7
St. Francis of Assisi

Girts
    $400 6
Paula Abdul

Girts
    $400 16
Patrick Henry

Girts
    $400 21
Cyrano de Bergerac

Dave
    $600 25
Helen Gurley Brown

Dave
    $600 3
Arctic Ocean

Janet
    $1,500 28
(Janet: Who are St. Stephen & St. Patrick?)
(Alex: Less than a minute to go.)

George, Patrick & Andrew

Janet
    $600 12
Dirty Dancing

Janet
    $600 17
Elizabeth Cady Stanton

Janet
    $600 22
Arsenic and Old Lace

Janet
    $800 26
Ben Bradlee

Dave
    $800 8
Pennsylvania

Girts
    $800 29
St. Thomas More

Girts
    $800 13
Lionel Richie

Dave
    $1,200 18
New Jersey

Janet
    $800 23
Eugene O'Neill

Girts
    $1000 27
(Dave: Who was Greeley?)

William Jennings Bryan

DaveJanet
    $1000 9
Hartford

Girts
    $1000 30
St. Anthony

Triple Stumper
    $1000 14
Roy Orbison

Dave
    $1000 19
Juliette Gordon Low

Janet
    $1000 24
Glengarry Glen Ross

Dave

Scores at the end of the Double Jeopardy! Round:

Dave Girts Janet
$7,200 $6,900 $7,800

[wagering suggestions for these scores]

Final Jeopardy! Round responses

THE U.N.
GirtsWhat is San Marino
$3,200
DaveWhat is the [Andorra] Vatican?
$6,601
JanetWhat is Albania
$6,601
Vatican City

Final scores:

Dave Girts Janet
$13,801 $3,700 $1,199
2-day champion: $19,000 2nd place: American Home Collection Sofas by La-Z-Boy 3rd place: unknown

Game dynamics:

Coryat scores:

Dave Girts Janet
$6,700 $6,900 $8,900
17 R
(including 1 DD),
1 W
16 R,
1 W
23 R
(including 1 DD),
3 W
(including 1 DD)

Combined Coryat: $22,500

[game clues] [game scores] [suggest correction]

Game tape date: Unknown
The J! Archive is created by fans, for fans. Scraping, republication, monetization, and malicious use prohibited; this site may use cookies and collect identifying information. See terms. The Jeopardy! game show and all elements thereof, including but not limited to copyright and trademark thereto, are the property of Jeopardy Productions, Inc. and are protected under law. This website is not affiliated with, sponsored by, or operated by Jeopardy Productions, Inc. Join the discussion at JBoard.tv.